Libro personal 1966 / (Record no. 92263)

MARC details
000 -LEADER
campo de control de longitud fija 00627nam a2200181 i 4500
001 - NÚMERO DE CONTROL
campo de control 92263
003 - IDENTIFICADOR DE NÚMERO DE CONTROL
campo de control ES-MaACL
005 - FECHA Y HORA DE LA ÚLTIMA TRANSACCIÓN
campo de control 20230906180929.0
007 - CAMPO FIJO DE DESCRIPCIÓN FÍSICA--INFORMACIÓN GENERAL
campo de control de longitud fija t|
008 - DATOS DE LONGITUD FIJA--INFORMACIÓN GENERAL
campo de control de longitud fija 050224s1967 sp |||| | spa d
245 00 - MENCIÓN DEL TÍTULO
Título Libro personal 1966 /
Mención de responsabilidad, etc. redacción, C.B. Agesta ... [et al.] ; fotografías e ilustraciones, L.H. Calderón ... [et al.].
260 ## - PUBLICACIÓN, DISTRIBUCIÓN, ETC.
Lugar de publicación, distribución, etc. Barcelona :
Nombre del editor, distribuidor, etc. Difusora Internacional,
Fecha de publicación, distribución, etc. [1967]
Lugar de publicación, distribución, etc. Barcelona :
Nombre del editor, distribuidor, etc. Seix Barral,
Fecha de publicación, distribución, etc. [1967]
300 ## - DESCRIPCIÓN FÍSICA
Extensión 270 p. :
Otras características físicas il. ;
Dimensiones 30 cm.
650 ## - PUNTO DE ACCESO ADICIONAL DE MATERIA--TÉRMINO DE MATERIA
Término de materia o nombre geográfico como elemento de entrada Civilización-
Subdivisión cronológica 1945-
9 (RLIN) 160060
700 1# - ENTRADA AGREGADA--NOMBRE PERSONAL
Nombre de persona Agesta, C.B.
9 (RLIN) 18554
700 1# - ENTRADA AGREGADA--NOMBRE PERSONAL
Nombre de persona Calderón, L. H.
9 (RLIN) 33603
852 ## - LOCALIZACIÓN
Ubicación ES-MaACL
Número de control de estantería C-29043
Holdings
Estatus retirado Estado de pérdida Estado de daño No para préstamo Biblioteca de origen Biblioteca actual Ubicación en estantería Fecha de adquisición Fuente de adquisición Total de préstamos Signatura topográfica completa Código de barras Visto por última vez Precio de reemplazo Tipo de ítem Koha
        Biblioteca del Ateneo de Madrid Biblioteca del Ateneo de Madrid Depósito 2 17/01/2008     C-29043 1096324 23/02/2023 23/02/2023 Libro impreso